Представление документа в формате RUSMARC

ПолеНазваниеЗначение
  Тип записи a
  Библиографический уровень a
001 Контрольный номер RU/CBS_UL/BASE/cb2c6f0a1312406aa70912e9dc2655c4
005 Дата корректировки 20250122233008.2
100 Данные общей обработки __
a Данные общей обработки 20230426 ||| 0rusy0189 ca
101 Язык документа 0_
a Язык текста rus
102 Страна публикации __
a Страна публикации RU
200 Заглавие и сведения об ответственности 1_
a Заглавие О хорошем и плохом
e Сведения, относящиеся к заглавию [беседа с главврачом ГКБ № 71 и телеведущим А. Мясниковым о том, как изменить уровень холестерина и что не так со статинами]
f Первые сведения об ответственности Л. Юдина
300 Общие примечания __
a Общие примечания 16+
461 Уровень набора _0
1 2000
a Аргументы и факты
463 Уровень физической единицы _0
1 2000
a № 16 (19-25 апр.)
v С. 13 : фот.
1 2101
d 2023
1 001RU/CBS_UL/BASE/dd0ae958289d4fd8b07bdf871528350a
606 Тематические рубрики 0_
a Основная рубрика Медицина - Болезни обмена веществ
610 Ключевые слова 0_
a Ключевые слова холестерин
610 Ключевые слова 0_
a Ключевые слова уровень холестерина
610 Ключевые слова 0_
a Ключевые слова статины
610 Ключевые слова 0_
a Ключевые слова коррекции уровня холестерина
610 Ключевые слова 0_
a Ключевые слова препараты для коррекции уровня холестерина
686 Индексы других классификаций __
2 Код системы rubbk
a Классификационный индекс 54.15
700 Автор _1
a Фамилия Юдина
b Имя (инициалы) Л.
801 Источник записи _0
a Страна RU
b Организация МБУК ЦБС г. Ульяновска
c Дата составления 20230426
g Правила каталогизации RCR
801 Источник записи _1
a Страна RU
b Организация МБУК ЦБС г. Ульяновска
c Дата составления 20230426
g Правила каталогизации RCR
901 Тип документа __
t Тип документа f
w Контрольный № источника RU/CBS_UL/BASE/dd0ae958289d4fd8b07bdf871528350a